[Event "Fuerteventura-ch"]
[Site "Puerto del Rosario"]
[Date "2023.04.15"]
[Round "6.4"]
[White "Hernandez Herrera, Ruben Idafe"]
[Black "De Vera Hormiga, Damian Jose"]
[Result "0-1"]
[WhiteElo "1558"]
[BlackElo "1463"]
[PlyCount "126"]
[EventDate "2023.03.25"]
[EventType "swiss"]
[EventRounds "7"]
[EventCountry "ESP"]
[SourceTitle "EXT 2024"]
[Source "ChessBase"]
[SourceDate "2023.10.10"]
[SourceVersion "1"]
[SourceVersionDate "2023.10.10"]
[SourceQuality "1"]

1. e4 d6 2. d4 Nf6 3. Nc3 g6 4. Bf4 Bg7 5. Qd2 Nbd7 6. 0-0-0 e5 7. dxe5 dxe5 8. Bxe5 Nxe4 9. Bxg7 Nxd2 10. Re1+ Ne5 11. Rxe5+ Be6 12. Bxh8 Nxf1 13. Nf3 Qe7 14. Nd5 Qd6 15. Bf6 Kf8 16. Rxf1 Bxd5 17. Be7+ Qxe7 18. Rxe7 Kxe7 19. Re1+ Kf8 20. Re3 Re8 21. Rxe8+ Kxe8 22. Ne1 a5 23. g3 a4 24. a3 Be4 25. Kd2 Ke7 26. Ke3 Bf5 27. f4 Kd6 28. c3 Kd5 29. Nf3 Kc4 30. Nd2+ Kd5 31. h4 b5 32. Nf3 Kc4 33. Kd2 c5 34. Ng5 Kb3 35. Kc1 h5 36. Nxf7 Kc4 37. Ne5+ Kb3 38. Nc6 Kc4 39. Na5+ Kd3 40. Nb7 c4 41. Nd6 Bd7 42. Kd1 Ke3 43. Nf7 Bf5 44. Nd6 Bd7 45. Nf7 Kf2 46. Kd2 Kxg3 47. Ke3 Kxh4 48. Ne5 Bf5 49. Kf3 g5 50. Nf7 g4+ 51. Kg2 Be4+ 52. Kg1 Kg3 53. Nd6 Kxf4 54. Nxb5 h4 55. Nd4 Ke3 56. Ne6 Kd2 57. Nc5 Bc2 58. Na6 Kc1 59. Nc7 Kxb2 60. Nb5 Bf5 61. Nd6 Be6 62. Nb5 Bd7 63. Nd6 Kxc3 0-1

[Event "San Vicente del Raspeig op 3rd"]
[Site "San Vicente del Raspeig"]
[Date "2022.12.26"]
[Round "1"]
[White "Hernandez Herrera, Ruben Idafe"]
[Black "Luque Saiz, Andres"]
[Result "0-1"]
[WhiteElo "1573"]
[BlackElo "2286"]
[PlyCount "66"]
[EventDate "2022.12.26"]
[EventType "swiss"]
[EventRounds "9"]
[EventCountry "ESP"]
[SourceTitle "CBM 212 Extra"]
[Source "ChessBase"]
[SourceDate "2023.03.31"]
[SourceVersion "1"]
[SourceVersionDate "2023.03.31"]
[SourceQuality "1"]

1. e4 c6 2. d4 d5 3. exd5 cxd5 4. c4 Nf6 5. Nc3 Nc6 6. Nf3 Be6 7. c5 g6 8. Bb5 Bd7 9. Bg5 e6 10. Qe2 Be7 11. Bh6 Ng4 12. Bg7 Rg8 13. Bxc6 bxc6 14. Be5 Nxe5 15. Nxe5 Rb8 16. 0-0 Qc7 17. a3 Bc8 18. b4 f6 19. Nf3 Kf7 20. Qe3 Re8 21. Nh4 Bf8 22. f4 Ba6 23. Rf3 Bh6 24. g4 Kg8 25. g5 fxg5 26. fxg5 Bg7 27. Re1 e5 28. Nd1 Qd7 29. dxe5 Qg4+ 30. Ng2 Rxe5 31. Nf2 Rxe3 32. Nxg4 Rxf3 33. Re7 Rf1# 0-1

[Event "Las Palmas Insular-chT Primera-A"]
[Site "Las Palmas"]
[Date "2015.10.17"]
[Round "1.4"]
[White "Quintana Suarez, Carmelo"]
[Black "Hernandez Herrera, Ruben Idafe"]
[Result "1-0"]
[WhiteElo "2096"]
[BlackElo "1381"]
[PlyCount "47"]
[EventDate "2015.10.17"]
[EventType "team-tourn"]
[EventRounds "14"]
[EventCountry "ESP"]
[SourceTitle "CBM 170 Extra"]
[Source "ChessBase"]
[SourceDate "2016.02.25"]
[SourceVersion "1"]
[SourceVersionDate "2016.02.25"]
[SourceQuality "1"]
[WhiteTeam "Tres W "]
[BlackTeam "La Caja de Canarias III"]
[WhiteTeamCountry "ESP"]
[BlackTeamCountry "ESP"]

1. e4 c5 2. Nc3 Nc6 3. g3 g6 4. Bg2 Bg7 5. d3 d6 6. f4 Rb8 7. Nf3 b5 8. 0-0 Nd4 9. Ne2 Qc7 10. c3 Nxf3+ 11. Rxf3 Bg4 12. Rf1 e6 13. h3 Bxe2 14. Qxe2 Ne7 15. f5 gxf5 16. exf5 exf5 17. Bg5 f6 18. Qh5+ Ng6 19. Rae1+ Kd7 20. Bxf6 Bxf6 21. Qxf5+ Kd8 22. Qxf6+ Kd7 23. Qe6+ Kd8 24. Rf7 1-0